<?xml version="1.0" encoding="UTF-8"?>
<collection xmlns="http://www.loc.gov/MARC21/slim">
  <record>
    <leader>00000nam  2200000   4500</leader>
    <controlfield tag="001">INLIS000000000017378</controlfield>
    <controlfield tag="005">20240830040121</controlfield>
    <datafield tag="035" ind1="#" ind2="#">
      <subfield code="a">0010-0724000111</subfield>
    </datafield>
    <controlfield tag="007">ta</controlfield>
    <controlfield tag="008">240830################|##########|#|##</controlfield>
    <datafield tag="084" ind1="#" ind2="#">
      <subfield code="a">R 024 PKP 2023</subfield>
    </datafield>
    <datafield tag="100" ind1=" " ind2="#">
      <subfield code="a">Ekanesti Ruswidia Sari</subfield>
    </datafield>
    <datafield tag="245" ind1="1" ind2="#">
      <subfield code="a">Optimalisasi Pengelolaan Data Hasil Litbang Berbasis Digital Pada Puslitbang Alpalhan Balitbang Kemhan Melalui Aplikasi Alpalhan Knowledge Management System /</subfield>
      <subfield code="c">Ekanesti Ruswidia Sari</subfield>
    </datafield>
    <datafield tag="260" ind1="#" ind2="#">
      <subfield code="a">Jakarta :</subfield>
      <subfield code="b">Pusbangkom Pimnas dan Manajerial ASN,</subfield>
      <subfield code="c">2023</subfield>
    </datafield>
    <datafield tag="300" ind1="#" ind2="#">
      <subfield code="a">109 halaman ;</subfield>
      <subfield code="c">30 cm</subfield>
    </datafield>
    <datafield tag="650" ind1="#" ind2="4">
      <subfield code="a">Pengelolaan Data</subfield>
    </datafield>
    <datafield tag="650" ind1="#" ind2="4">
      <subfield code="a">Digital</subfield>
    </datafield>
    <datafield tag="520" ind1="#" ind2="#">
      <subfield code="a">Pengelolaan informasi pengetahuan hasil litbang merupakan bagian tidak terpisahkan dari tujuan Balitbang Kemhan yang merupakan tugas dari Puslitbang Alpalhan Balitbang Kemhan. Sistem pengelolaan informasi pengetahuan hasil litbang melalui sistem informasi pengetahuan hasil litbang/ knowledge manajemen system Balitbang di Puslitbang Alpalhan Balitbang Kemhan diharapkan dapat memenuhi kebutuhan informasi sesuai keinginan organisasi. Fitur yang terdapat dalam aplikasi yang sudah ada secara garis besar dibagi 3 (tiga) yaitu dokumentasi, pencarian cepat dan bisa dijadikan repository penelitian. Sistem Informasi yang dikembangkan ini merupakan  aplikasi untuk membantu tugas dari Puslitbang Alpalhan Balitbang Kemhan dalam pengelolaan informasi pengetahuan hasil Litbang.</subfield>
    </datafield>
    <datafield tag="856" ind1="#" ind2="#">
      <subfield code="a">Perpustakaan LAN Pusat</subfield>
    </datafield>
    <datafield tag="990" ind1="#" ind2="#">
      <subfield code="a">24.07.024</subfield>
    </datafield>
  </record>
</collection>
